[Event "GER CupT prel"]
[Site "Germany"]
[Date "2001.01.21"]
[Round "?"]
[White "Wiege, Andre"]
[Black "Cremer, Jochen"]
[Result "0-1"]
[WhiteElo "1922"]
[BlackElo "2064"]
[PlyCount "78"]
[EventDate "2001.01.20"]
[EventType "team"]
[EventRounds "2"]
[EventCountry "GER"]
[SourceTitle "EXT 2002"]
[Source "ChessBase"]
[SourceDate "2001.11.25"]
[SourceVersion "1"]
[SourceVersionDate "2001.11.25"]
[SourceQuality "1"]

1. e4 c5 2. Nf3 d6 3. d4 cxd4 4. Nxd4 Nf6 5. Nc3 a6 6. Be2 e5 7. Nb3 Be6 8. Be3 Be7 9. 0-0 Nbd7 10. f4 Qc7 11. f5 Bc4 12. g4 h6 13. Rf2 Bxe2 14. Qxe2 Nb6 15. Rd1 Rd8 16. h4 d5 17. Bxb6 Qxb6 18. exd5 h5 19. gxh5 Rxh5 20. d6 Rxd6 21. Rxd6 Qxd6 22. Nd2 Rxh4 23. Nc4 Qd4 24. Nxe5 Ne4 25. Nxe4 Rxe4 26. Nf3 Rxe2 27. Nxd4 Rxf2 28. Kxf2 Bc5 29. c3 Ke7 30. Kf3 Bxd4 31. cxd4 Kd6 32. Ke4 g5 33. b3 f6 34. a3 Kc6 35. Ke3 Kd5 36. Kd3 b6 37. Ke3 a5 38. a4 g4 39. Kf4 Kxd4 0-1